000 00460nam a2200169 i 4500
001 60780
003 ES-MaACL
005 20230906164314.0
007 t|
008 031106s1971 sp ||||1| spa d
100 1 _aEstrada, Fernando.
_948195
245 1 3 _aEl osciloscopio y sus aplicaciones /
_cEstrada.
250 _a1ยช ed.
260 _aBarcelona :
_bJanzer,
_c1971.
300 _a208 p. :
_bgraf., il. ;
_c22 cm.
852 _aES-MaACL
_jC-45117
_bR.78923
999 _c60780
_d60780